<?xml version="1.0" encoding="UTF-8"?>
<record
    xmlns:xsi="http://www.w3.org/2001/XMLSchema-instance"
    xsi:schemaLocation="http://www.loc.gov/MARC21/slim http://www.loc.gov/standards/marcxml/schema/MARC21slim.xsd"
    xmlns="http://www.loc.gov/MARC21/slim">

  <leader>02195nam a22003137a 4500</leader>
  <controlfield tag="001">8553</controlfield>
  <controlfield tag="003">FISKH</controlfield>
  <controlfield tag="005">20251205151437.0</controlfield>
  <controlfield tag="008">250929b        cb ||||| |||| 00| 0 eng d</controlfield>
  <datafield tag="020" ind1=" " ind2=" ">
    <subfield code="a">9789996301384</subfield>
  </datafield>
  <datafield tag="040" ind1=" " ind2=" ">
    <subfield code="a">FISKH</subfield>
    <subfield code="b">khr</subfield>
    <subfield code="c">FISKH</subfield>
    <subfield code="d">FISKH</subfield>
  </datafield>
  <datafield tag="050" ind1=" " ind2=" ">
    <subfield code="a">PZ7</subfield>
  </datafield>
  <datafield tag="082" ind1=" " ind2=" ">
    <subfield code="a">323.352</subfield>
  </datafield>
  <datafield tag="100" ind1=" " ind2=" ">
    <subfield code="a">Tongleang, Noeun </subfield>
  </datafield>
  <datafield tag="245" ind1=" " ind2=" ">
    <subfield code="a">&#x1780;&#x17BC;&#x1793;&#x178F;&#x17D2;&#x179A;&#x17BC;&#x179C;&#x178F;&#x17C2;&#x1798;&#x17B6;&#x1793;&#x179F;&#x17B7;&#x1791;&#x17D2;&#x1792;&#x1785;&#x17BC;&#x179B;&#x179A;&#x17C0;&#x1793; :</subfield>
    <subfield code="b">Children must enjoy their rights to education / </subfield>
    <subfield code="c">&#x1793;&#x17B7;&#x1796;&#x1793;&#x17D2;&#x1792;&#x178A;&#x17C4;&#x1799; &#x179B;&#x17C4;&#x1780; &#x1793;&#x17BF;&#x1793; &#x178F;&#x17BB;&#x1784;&#x179B;&#x17B6;&#x1784; , &#x1780;&#x17C2;&#x179F;&#x1798;&#x17D2;&#x179A;&#x17BD;&#x179B;&#x178A;&#x17C4;&#x1799; &#x17A2;&#x17D2;&#x1793;&#x1780;&#x179F;&#x17D2;&#x179A;&#x17B8; &#x1782;&#x17B9;&#x1798;&#x179F;&#x17CA;&#x17BB;&#x1793; &#x179F;&#x17BB;&#x1792;&#x17B6;&#x179A;&#x17B8;&#x200B;</subfield>
  </datafield>
  <datafield tag="260" ind1=" " ind2=" ">
    <subfield code="a">Phnom Penh : </subfield>
    <subfield code="b">Reading Books , </subfield>
    <subfield code="c">2011. </subfield>
  </datafield>
  <datafield tag="300" ind1=" " ind2=" ">
    <subfield code="a">22 pages : </subfield>
    <subfield code="b">color illustrations ;</subfield>
    <subfield code="c">25 cm . </subfield>
  </datafield>
  <datafield tag="490" ind1=" " ind2=" ">
    <subfield code="a">&#x1796;&#x17B7;&#x1797;&#x1796;&#x179A;&#x17BF;&#x1784;&#x1793;&#x17B7;&#x1791;&#x17B6;&#x1793;</subfield>
  </datafield>
  <datafield tag="505" ind1=" " ind2=" ">
    <subfield code="a">K 
</subfield>
  </datafield>
  <datafield tag="520" ind1=" " ind2=" ">
    <subfield code="a">&#x179A;&#x17BF;&#x1784;&#x1793;&#x17C1;&#x17C7;&#x1798;&#x17B6;&#x1793;&#x1794;&#x17C6;&#x178E;&#x1784;&#x17A2;&#x1794;&#x17CB;&#x179A;&#x17C6;&#x1780;&#x17BB;&#x1798;&#x17B6;&#x179A;&#x178F;&#x17BC;&#x1785;&#x17D7;&#x17A2;&#x17C4;&#x1799;&#x178A;&#x17B9;&#x1784;&#x1796;&#x17B8;&#x179F;&#x17B7;&#x1791;&#x17D2;&#x1792;&#x17B7;&#x179A;&#x1794;&#x179F;&#x17CB;&#x1781;&#x17D2;&#x179B;&#x17BD;&#x1793; &#x179A;&#x17BD;&#x1798;&#x1798;&#x17B6;&#x1793;&#x179F;&#x17B7;&#x1791;&#x17D2;&#x1792;&#x17B7;&#x179A;&#x179F;&#x17CB;&#x1793;&#x17C5; &#x179F;&#x17B7;&#x1791;&#x17D2;&#x1792;&#x17B7;&#x179A;&#x179F;&#x17CB;&#x179A;&#x17B6;&#x1793;&#x1798;&#x17B6;&#x1793;&#x1787;&#x17B8;&#x179C;&#x17B7;&#x178F; &#x179F;&#x17B7;&#x1791;&#x17D2;&#x1792;&#x17B7;&#x1780;&#x17B6;&#x179A;&#x1796;&#x17B6;&#x179A; &#x179F;&#x17B7;&#x1791;&#x17D2;&#x1792;&#x17B7;&#x17A2;&#x1797;&#x17B7;&#x179C;&#x178C;&#x17D2;&#x178D;&#x1793;&#x17CD; &#x1793;&#x17B7;&#x1784;&#x179F;&#x17B7;&#x1791;&#x17D2;&#x1792;&#x17B7;&#x1785;&#x17BC;&#x179B;&#x179A;&#x17BD;&#x1798;&#x17D4; &#x179B;&#x17BE;&#x179F;&#x1796;&#x17B8;&#x1793;&#x17C1;&#x17C7;&#x1791;&#x17C0;&#x178F; &#x179A;&#x17BF;&#x1784;&#x1793;&#x17C1;&#x17C7;&#x1780;&#x17CF;&#x1787;&#x17BD;&#x1799;&#x17B2;&#x17D2;&#x1799;&#x17AA;&#x1796;&#x17BB;&#x1780;&#x1798;&#x17D2;&#x178F;&#x17B6;&#x1799;&#x1799;&#x179B;&#x17CB;&#x1796;&#x17B8;&#x179F;&#x17B6;&#x179A;&#x17C8;&#x179F;&#x17C6;&#x1781;&#x17B6;&#x1793;&#x17CB;&#x1793;&#x17C3;&#x1780;&#x17B6;&#x179A;&#x17A2;&#x1794;&#x17CB;&#x179A;&#x17C6; &#x1793;&#x17B7;&#x1784;&#x179F;&#x17B7;&#x1791;&#x17D2;&#x1792;&#x17B7;&#x179A;&#x1794;&#x179F;&#x17CB;&#x1780;&#x17BC;&#x1793;&#x17D7;&#x179A;&#x1794;&#x179F;&#x17CB;&#x1796;&#x17BD;&#x1780;&#x1782;&#x17C1;&#x1795;&#x1784;&#x178A;&#x17C2;&#x179A;&#x17D4;</subfield>
  </datafield>
  <datafield tag="520" ind1=" " ind2=" ">
    <subfield code="a">This story aims at educating the young children to be aware of their rights including the rights to life, rights to survival, protection, development and participation. Furthermore, this story helps the parents understand the importance of education and rights of their kids .</subfield>
  </datafield>
  <datafield tag="521" ind1="8" ind2=" ">
    <subfield code="a">510 
</subfield>
    <subfield code="b">Lexile estimate 
</subfield>
  </datafield>
  <datafield tag="521" ind1="8" ind2=" ">
    <subfield code="a">K 
</subfield>
    <subfield code="b">Raz-Plus 
</subfield>
  </datafield>
  <datafield tag="650" ind1=" " ind2=" ">
    <subfield code="a">&#x1780;&#x17BC;&#x1793;&#x178F;&#x17D2;&#x179A;&#x17BC;&#x179C;&#x178F;&#x17C2;&#x1798;&#x17B6;&#x1793;&#x179F;&#x17B7;&#x1791;&#x17D2;&#x1792;&#x1785;&#x17BC;&#x179B;&#x179A;&#x17BD;&#x1798;&#x200B;</subfield>
    <subfield code="v">&#x179A;&#x17BF;&#x1784;&#x1793;&#x17B7;&#x1791;&#x17B6;&#x1793;&#x1780;&#x17BB;&#x1798;&#x17B6;&#x179A;</subfield>
  </datafield>
  <datafield tag="650" ind1=" " ind2=" ">
    <subfield code="a">Children must enjoy their rights to education</subfield>
    <subfield code="v">Children's stories </subfield>
  </datafield>
  <datafield tag="700" ind1=" " ind2=" ">
    <subfield code="a">Bunthorn, Theak</subfield>
    <subfield code="e">Illustrator </subfield>
  </datafield>
  <datafield tag="942" ind1=" " ind2=" ">
    <subfield code="2">ddc</subfield>
    <subfield code="c">KHB</subfield>
    <subfield code="n">0</subfield>
  </datafield>
  <datafield tag="999" ind1=" " ind2=" ">
    <subfield code="c">8553</subfield>
    <subfield code="d">8553</subfield>
  </datafield>
  <datafield tag="952" ind1=" " ind2=" ">
    <subfield code="0">0</subfield>
    <subfield code="1">0</subfield>
    <subfield code="2">ddc</subfield>
    <subfield code="4">0</subfield>
    <subfield code="7">0</subfield>
    <subfield code="8">Khmer-English Bilingual </subfield>
    <subfield code="a">002</subfield>
    <subfield code="b">002</subfield>
    <subfield code="c">TTP Khmer</subfield>
    <subfield code="d">2025-09-29</subfield>
    <subfield code="l">0</subfield>
    <subfield code="o">TON PZ7 323.352</subfield>
    <subfield code="p">FISBK03902</subfield>
    <subfield code="r">2025-09-29 14:56:00</subfield>
    <subfield code="t">1</subfield>
    <subfield code="w">2025-09-29</subfield>
    <subfield code="y">KHB</subfield>
  </datafield>
  <datafield tag="952" ind1=" " ind2=" ">
    <subfield code="0">0</subfield>
    <subfield code="1">0</subfield>
    <subfield code="2">ddc</subfield>
    <subfield code="4">0</subfield>
    <subfield code="7">0</subfield>
    <subfield code="8">Khmer-English Bilingual </subfield>
    <subfield code="a">002</subfield>
    <subfield code="b">002</subfield>
    <subfield code="c">TTP Khmer</subfield>
    <subfield code="d">2025-10-24</subfield>
    <subfield code="l">1</subfield>
    <subfield code="o">TON PZ7 323.352</subfield>
    <subfield code="p">FISBK03917</subfield>
    <subfield code="r">2026-03-31 14:57:03</subfield>
    <subfield code="s">2026-03-02</subfield>
    <subfield code="t">2</subfield>
    <subfield code="w">2025-10-24</subfield>
    <subfield code="y">KHB</subfield>
  </datafield>
  <datafield tag="952" ind1=" " ind2=" ">
    <subfield code="0">0</subfield>
    <subfield code="1">0</subfield>
    <subfield code="2">ddc</subfield>
    <subfield code="4">0</subfield>
    <subfield code="7">0</subfield>
    <subfield code="8">Khmer-English Bilingual </subfield>
    <subfield code="a">002</subfield>
    <subfield code="b">002</subfield>
    <subfield code="c">TTP Khmer</subfield>
    <subfield code="d">2025-12-05</subfield>
    <subfield code="l">0</subfield>
    <subfield code="o">TON PZ7 323.352</subfield>
    <subfield code="p">2025-5052</subfield>
    <subfield code="r">2025-12-05 15:15:42</subfield>
    <subfield code="t">3</subfield>
    <subfield code="w">2025-12-05</subfield>
    <subfield code="y">KHB</subfield>
  </datafield>
</record>
